Crisis e inflación: crítica a las teorías del equilibrio

Guardado en:
書目詳細資料
主要作者: Schmidt, Wolfgang
格式: Texto
出版: Quito: UCE. Instituto de Investigaciones Económicas
標簽: 添加標簽
沒有標簽, 成為第一個標記此記錄!

MARC

LEADER 00000 a a2200000 04500
001 15428
003
040
090 |a 016600  
100 |a Schmidt, Wolfgang  
245 |a Crisis e inflación: crítica a las teorías del equilibrio  
260 |a Quito:   |b UCE. Instituto de Investigaciones Económicas  
300 |a 116 p.  
999 |c 10532  |d 10532